French Association Football Champions - Statistics

General Stats
  • This quiz has been taken 171 times
  • The average score is 69 of 104
Answer Stats
Season Champion % Correct
1985-1986 | 1993-1994 | 2012-2013 | +4 others Paris Saint-Germain
99%
2001-2002 | 2002-2003 | 2003-2004 | +4 others Olympique Lyonnais
98%
1928-1929 | 1936-1937 | 1947-1948 | +7 others Olympique de Marseille
97%
1960-1961 | 1962-1963 | 1977-1978 | +5 others AS Monaco
93%
1945-1946 | 1953-1954 | 2010-2011 Lille OSC
93%
1913-1914 | 1932-1933 Olympique Lillois
93%
1949-1950 | 1983-1984 | 1984-1985 | +3 others FC Girondins de Bordeaux
88%
1964-1965 | 1965-1966 | 1972-1973 | +5 others FC Nantes
86%
1950-1951 | 1951-1952 | 1955-1956 | 1958-1959 OGC Nice
81%
2011-2012 Montpellier
80%
1956-1957 | 1963-1964 | 1966-1967 | +7 others Saint-Étienne
76%
1978-1979 RC Strasbourg Alsace
69%
1997-1998 RC Lens
65%
1948-1949 | 1952-1953 | 1954-1955 | +3 others Stade de Reims
65%
1995-1996 AJ Auxerre
59%
1934-1935 | 1937-1938 FC Sochaux
39%
1898-1899 | 1899-1900 | 1918-1919 Le Havre
38%
1933-1934 | 1938-1939 FC Sète
18%
1946-1947 CO Roubaix-Tourcoing
16%
1901-1902 | 1902-1903 | 1903-1904 | +3 others RC Roubaix
14%
1927-1928 Stade Français
6%
1909-1910 US Tourcoing
5%
1895-1896 Club Français
4%
1926-1927 CA Paris
1%
1904-1905 Gallia Club Paris
1%
1906-1907 RC France Paris
1%
1893-1894 | 1894-1895 | 1896-1897 | +2 others Standard Athletic Club
1%
1908-1909 | 1910-1911 | 1912-1913 Helvétique Marseille
0%
1911-1912 Saint-Raphaël
0%
No matching quizzes found
Score Distribution
Percent of People with Each Score
Percentile by Number Answered
Your Score History
You have not taken this quiz